| 000 | 00659nam0a22002291 4500 | ||
|---|---|---|---|
| 001 | rc\966695 | ||
| 005 | 20250622061401.0 | ||
| 035 | _a(NLR Aleph) 006135908 | ||
| 090 |
_a5610553 _c5610553 |
||
| 100 | _a20041129d1982 |||y0rusy50 ca | ||
| 101 | 0 | _arus | |
| 102 | _aRU | ||
| 105 | _ay ||||||||| | ||
| 200 | 1 |
_aВ одном городе _eПьеса 1 д. _fОтв. ред. А. Антокольский |
|
| 210 |
_aМ. _cВААП-Информ _d1982 |
||
| 215 |
_a23 с. _d29 |
||
| 700 | 1 |
_aЯлунер _bЯ.И. _f1908- _gЯков Ионович |
|
| 801 | 0 |
_aRU _bNLR _gpsbo |
|
| 801 | 1 |
_aRU _bELAR _2rusmarc |
|
| 852 |
_aNLR _j83-8/293 |
||
| 942 | _cBOOK | ||
| 980 | _aNB | ||